| 000 | 01214cam a2200325 a 4500 | ||
|---|---|---|---|
| 001 | 6009 | ||
| 003 | FISKH | ||
| 005 | 20250225092616.0 | ||
| 008 | 101027s2011 nyu d 000 1 eng | ||
| 010 | _a 2010040579 | ||
| 020 |
_a9780062289841 (hardcover) _c$15.00 |
||
| 020 | _a9780062024022 (trade bdg.) | ||
| 040 |
_aDLC _cDLC _dDLC _beng |
||
| 050 | _aPZ7.R7375 | ||
| 082 | _a813.6 | ||
| 100 | 1 | _aRoth, Veronica. | |
| 245 | 1 | 0 |
_aDivergent / _cVeronica Roth. |
| 260 |
_aLondon : _bHarper Collins Children's Books, _c2011. |
||
| 300 |
_a487, 41 pages : _c20 cm |
||
| 500 | _aSequel: Insurgent. | ||
| 520 | _aIn a future Chicago, sixteen-year-old Beatrice Prior must choose among five predetermined factions to define her identity for the rest of her life, a decision made more difficult when she discovers that she is an anomoly who does not fit into any one group, and that the society she lives in is not perfect after all. | ||
| 650 | 1 |
_aIdentity _vFiction. |
|
| 650 | 1 |
_aFamilies _vFiction. |
|
| 650 | 1 |
_aCourage _vFiction. |
|
| 650 | 1 |
_aSocial classes _vFiction. |
|
| 650 | 1 | _aScience fiction. | |
| 906 |
_a7 _bcbc _corignew _d1 _eecip _f20 _gy-gencatlg |
||
| 942 |
_2ddc _cBK _n0 |
||
| 999 |
_c6009 _d6009 |
||